Estudio de la transmisión y conmutación de datos dentro de las plataformas públicas y privadas basadas principalmente en fibra óptica para el manejo de los mismos

Gardado en:
Detalles Bibliográficos
Autor Principal: Goldoni García, Francisco Javier
Outros autores: Salas Villalobos, Amancio
Formato: Libro
Publicado: San José, Costa Rica 1994
Materias:
Etiquetas: Engadir etiqueta
Sen Etiquetas, Sexa o primeiro en etiquetar este rexistro!

MARC

LEADER 00000nam a2200000Ia 4500
003 007565
005 20221231144257.0
008 140114s1994 cr a m 000 ||s d
040 |c cru CEDI 
090 |a TFG 3215 
100 |a Goldoni García, Francisco Javier  |9 10934 
245 |a Estudio de la transmisión y conmutación de datos dentro de las plataformas públicas y privadas basadas principalmente en fibra óptica para el manejo de los mismos  
260 |c 1994  |a San José, Costa Rica 
300 |a  xxll, 303 h : ilustraciones.  
500 |a  Proyecto de graduación (bachillerato en ingeniería eléctrica)-- Universidad de Costa Rica. Facultad de Ingeniería. Escuela de Ingeniería Eléctrica 
650 |x SISTEMAS DE TRANSMISION DE DATOS  |x FIBRA OPTICA  |9 5670 
700 |9 10935  |a Salas Villalobos, Amancio 
942 |c TFG 
999 |c 19474  |d 19474